Information security: (Record no. 444)
[ view plain ]
| 000 -LEADER | |
|---|---|
| fixed length control field | 00600nac a22001691u 4500 |
| 020 ## - INTERNATIONAL STANDARD BOOK NUMBER | |
| International Standard Book Number | 0131547291 |
| 082 ## - DEWEY DECIMAL CLASSIFICATION NUMBER | |
| Classification number | 005.8 |
| Item number | M563 |
| 090 ## - LOCALLY ASSIGNED LC-TYPE CALL NUMBER (OCLC); LOCAL CALL NUMBER (OCLC) | |
| -- | 444 |
| -- | 444 |
| 100 ## - MAIN ENTRY--PERSONAL NAME | |
| Personal name | Merkow, Mark |
| 245 ## - TITLE STATEMENT | |
| Title | Information security: |
| Remainder of title | principles and practices/ |
| Statement of responsibility, etc | Mark Merkow, Jim Breithaupt |
| 260 ## - PUBLICATION, DISTRIBUTION, ETC. (IMPRINT) | |
| Place of publication, distribution, etc | New Jersey: |
| Name of publisher, distributor, etc | Pearson,2006 |
| Date of publication, distribution, etc | 2006 |
| 300 ## - PHYSICAL DESCRIPTION | |
| Extent | xxvii, 420 p. : |
| Other physical details | ill. ; |
| Dimensions | 24 cm. |
| 650 ## - SUBJECT ADDED ENTRY--TOPICAL TERM | |
| Topical term or geographic name as entry element | Computer security |
| 700 ## - ADDED ENTRY--PERSONAL NAME | |
| Personal name | Breithaupt, Jim |
| 942 ## - ADDED ENTRY ELEMENTS (KOHA) | |
| Item type | Book - Borrowing |
| Call number prefix | 005.8M563 |
| Withdrawn status | Item status | Source of classification or shelving scheme | Damaged status | Not for loan | Vendor | Home library | Current library | Shelving location | Date acquired | Source of acquisition | Cost, normal purchase price | Total Checkouts | Full call number | Barcode | Date last seen | Date last borrowed | Cost, replacement price | Koha item type |
|---|---|---|---|---|---|---|---|---|---|---|---|---|---|---|---|---|---|---|
| Dewey Decimal Classification | Central Library | Central Library | Lower Floor | 06/05/2016 | 312.00 | 1 | 005.8 MER | 000004181 | 15/07/2025 | 17/12/2012 | 390.00 | Book - Borrowing |